La enseñanza a multinivel: desarrollo máximo para todo alumno
Guardat en:
| Autor principal: | |
|---|---|
| Format: | Llibre |
| Idioma: | espanyol |
| Publicat: |
Ciudad de México
Pax
1969
|
| Col·lecció: | Alianza para el Progreso
|
| Matèries: | |
| Etiquetes: |
Afegir etiqueta
Sense etiquetes, Sigues el primer a etiquetar aquest registre!
|
MARC
| LEADER | 00000nam a2200000 a 4500 | ||
|---|---|---|---|
| 001 | UCN3523 | ||
| 003 | CL-VaPUC | ||
| 008 | 010629e19690300MX |||||||||||||||||spa|d | ||
| 082 | 0 | 4 | |a 370.15 |b PAR |2 21 |
| 100 | |a Parker, Don H. |e autor |9 460078 | ||
| 245 | 1 | 3 | |a La enseñanza a multinivel: desarrollo máximo para todo alumno |
| 300 | |a 380 p | ||
| 942 | |c BK | ||
| 945 | |d 20010629 00:00:00 |a cmena | ||
| 260 | |a Ciudad de México |b Pax |c 1969 | ||
| 650 | 0 | |a Psicología educacional |9 307830 | |
| 650 | 0 | |a Filosofía de la educación |9 258384 | |
| 650 | 0 | |a Desarrollo individual |9 307875 | |
| 650 | 0 | |a Cognición |9 270347 | |
| 650 | 0 | |a Métodos de enseñanza |9 270413 | |
| 583 | |a last modification |c 20010629 00:00:00 |k Rodrigo Vera | ||
| 490 | 0 | |a Alianza para el Progreso | |
| 999 | |c 296371 |d 296369 | ||
| 952 | |0 0 |1 0 |4 0 |6 370_150000000000000_PAR_1969 |7 0 |8 P |9 350104 |a BIBEDU |b BIBEDU |c BIBEDU_PB |d 2019-11-20 |i 3704483 |o 370.15 PAR 1969 |p 3704483 |r 2024-01-25 |w 2019-11-20 |y BK |k BME | ||